[Event "Mendoza ITT"]
[Site "Mendoza"]
[Date "2020.01.28"]
[Round "5"]
[White "Duje, Rafael"]
[Black "Madina Yadarola, Martin"]
[Result "1-0"]
[WhiteElo "2266"]
[BlackElo "2165"]
[PlyCount "75"]
[EventDate "2020.01.26"]
[EventType "tourn"]
[EventRounds "9"]
[EventCountry "ARG"]
[SourceTitle "CBM 195 Extra"]
[Source "ChessBase"]
[SourceDate "2020.05.31"]
[SourceVersion "1"]
[SourceVersionDate "2020.05.31"]
[SourceQuality "1"]

1. e4 e5 2. Nf3 d6 3. d4 Nf6 4. Bc4 Nxe4 5. dxe5 c6 6. 0-0 d5 7. Bd3 Nc5 8. Be2 Be7 9. Be3 0-0 10. Nc3 Qc7 11. Bf4 Bg4 12. Bg3 Ne6 13. Nd4 Bxe2 14. Nxe6 fxe6 15. Nxe2 Bc5 16. Nf4 Qd7 17. Qg4 Rf5 18. b4 Bb6 19. c4 a5 20. c5 Bd8 21. Nd3 Rg5 22. Qd4 Na6 23. Bh4 Rf5 24. Bxd8 Rxd8 25. bxa5 Nc7 26. Qb4 Ne8 27. Rab1 Rf7 28. Rb3 g6 29. Rfb1 Ra8 30. Qa4 Ng7 31. Rxb7 Qxb7 32. Rxb7 Rxb7 33. g3 Rba7 34. Qxc6 Rxa5 35. Nb4 d4 36. Qd6 R8a7 37. Qb8+ Kf7 38. Nc6 1-0

[Event "Mendoza ITT"]
[Site "Mendoza"]
[Date "2020.01.28"]
[Round "4"]
[White "Uelf, Maximiliano"]
[Black "Duje, Rafael"]
[Result "1/2-1/2"]
[WhiteElo "2234"]
[BlackElo "2266"]
[PlyCount "43"]
[EventDate "2020.01.26"]
[EventType "tourn"]
[EventRounds "9"]
[EventCountry "ARG"]
[SourceTitle "CBM 195 Extra"]
[Source "ChessBase"]
[SourceDate "2020.05.31"]
[SourceVersion "1"]
[SourceVersionDate "2020.05.31"]
[SourceQuality "1"]

1. d4 d5 2. Nf3 Nf6 3. g3 g6 4. Bg2 Bg7 5. 0-0 0-0 6. c3 c6 7. Nbd2 Nbd7 8. Re1 Re8 9. e4 dxe4 10. Nxe4 Nxe4 11. Rxe4 Nf6 12. Re1 Bg4 13. Qb3 Bxf3 14. Bxf3 Qb6 15. Bg5 e6 16. Qc2 a5 17. h4 h6 18. Bxf6 Bxf6 19. h5 g5 20. Re2 a4 21. a3 Ra5 22. Rae1 1/2-1/2

[Event "Mendoza ITT"]
[Site "Mendoza"]
[Date "2020.01.27"]
[Round "2"]
[White "Duje, Rafael"]
[Black "Luconi, Cristian"]
[Result "1/2-1/2"]
[WhiteElo "2266"]
[BlackElo "2266"]
[PlyCount "59"]
[EventDate "2020.01.26"]
[EventType "tourn"]
[EventRounds "9"]
[EventCountry "ARG"]
[SourceTitle "CBM 195 Extra"]
[Source "ChessBase"]
[SourceDate "2020.05.31"]
[SourceVersion "1"]
[SourceVersionDate "2020.05.31"]
[SourceQuality "1"]

1. e4 d5 2. exd5 Nf6 3. Nc3 Nxd5 4. Bc4 Nxc3 5. Qf3 e6 6. dxc3 Qf6 7. Bf4 Bd6 8. Bxd6 Qxf3 9. Nxf3 cxd6 10. 0-0-0 d5 11. Bb3 b5 12. Rhe1 0-0 13. Nd4 Bd7 14. a3 a6 15. f4 Nc6 16. Rd2 Rab8 17. Ba2 Nxd4 18. Rxd4 Bc6 19. g3 Rfe8 20. Rd3 Kf8 21. Kd2 Rbd8 22. Ke3 Ke7 23. Kd4 Kd6 24. Rde3 f6 25. b3 a5 26. c4 bxc4 27. bxc4 dxc4 28. Bxc4 Bd7 29. Bf1 Rb8 30. c4 1/2-1/2

[Event "Mendoza ITT"]
[Site "Mendoza"]
[Date "2020.01.26"]
[Round "1"]
[White "Robledo, Cristian"]
[Black "Duje, Rafael"]
[Result "0-1"]
[WhiteElo "2299"]
[BlackElo "2266"]
[PlyCount "80"]
[EventDate "2020.01.26"]
[EventType "tourn"]
[EventRounds "9"]
[EventCountry "ARG"]
[SourceTitle "CBM 195 Extra"]
[Source "ChessBase"]
[SourceDate "2020.05.31"]
[SourceVersion "1"]
[SourceVersionDate "2020.05.31"]
[SourceQuality "1"]

1. e4 c5 2. Nc3 Nc6 3. g3 d6 4. Bg2 g6 5. f4 e6 6. Nf3 Bg7 7. 0-0 Nge7 8. d3 0-0 9. Ne2 Qc7 10. c3 d5 11. Be3 b6 12. g4 f5 13. gxf5 gxf5 14. e5 Bd7 15. Bf2 Ng6 16. b4 cxb4 17. cxb4 Nxb4 18. Qd2 Qc2 19. Qxb4 Qxe2 20. Rfd1 Qc2 21. Nd4 Qc5 22. Qd2 Qe7 23. Rac1 Rac8 24. Be3 Bh6 25. Rxc8 Rxc8 26. Kh1 Qh4 27. Rf1 Kf7 28. a4 Qe7 29. a5 bxa5 30. Qxa5 Nxe5 31. Bg1 Nc6 32. Qe1 Bg7 33. Nb3 Qb4 34. Qd1 Kg8 35. Rf3 Be8 36. Rh3 Qxf4 37. Nc5 Nd4 38. Be3 Qg4 39. Qg1 Rxc5 40. Rg3 Qxg3 0-1

[Event "Ciudad del Este"]
[Site "Ciudad del Este"]
[Date "2015.09.16"]
[Round "13"]
[White "Duje, Rafael"]
[Black "Brito, Luismar Jorge"]
[Result "1/2-1/2"]
[WhiteElo "2210"]
[BlackElo "2241"]
[PlyCount "32"]
[EventDate "2015.09.10"]
[EventType "tourn"]
[EventRounds "14"]
[EventCountry "PAR"]
[EventCategory "2"]
[SourceTitle "EXT 2016"]
[Source "ChessBase"]
[SourceDate "2015.10.08"]
[SourceVersion "1"]
[SourceVersionDate "2015.10.08"]
[SourceQuality "1"]

1. e4 c5 2. Nf3 d6 3. d4 cxd4 4. Nxd4 Nf6 5. Nc3 a6 6. Bg5 e6 7. f4 h6 8. Bh4 Qb6 9. Qd2 Qxb2 10. Rb1 Qa3 11. Bxf6 gxf6 12. Be2 Nc6 13. Nxc6 bxc6 14. 0-0 h5 15. Kh1 Qa5 16. Qd4 c5 1/2-1/2

[Event "Ciudad del Este"]
[Site "Ciudad del Este"]
[Date "2015.09.15"]
[Round "11"]
[White "Duje, Rafael"]
[Black "De Souza, Mauro Guimaraes"]
[Result "1/2-1/2"]
[WhiteElo "2210"]
[BlackElo "2334"]
[PlyCount "40"]
[EventDate "2015.09.10"]
[EventType "tourn"]
[EventRounds "14"]
[EventCountry "PAR"]
[EventCategory "2"]
[SourceTitle "EXT 2016"]
[Source "ChessBase"]
[SourceDate "2015.10.08"]
[SourceVersion "1"]
[SourceVersionDate "2015.10.08"]
[SourceQuality "1"]

1. d4 Nf6 2. Bg5 e6 3. e4 h6 4. Bxf6 Qxf6 5. Nf3 d5 6. e5 Qd8 7. Bd3 c5 8. c3 Nc6 9. 0-0 Qb6 10. Qb3 Qxb3 11. axb3 cxd4 12. cxd4 Bd7 13. Nc3 Be7 14. Na4 0-0 15. Rfc1 Rfc8 16. Kf1 Nb4 17. Ke2 Nxd3 18. Kxd3 Bb5+ 19. Kd2 Bb4+ 20. Nc3 Bd7 1/2-1/2

[Event "Ciudad del Este"]
[Site "Ciudad del Este"]
[Date "2015.09.14"]
[Round "8"]
[White "Pina, Ulises"]
[Black "Duje, Rafael"]
[Result "0-1"]
[WhiteElo "2195"]
[BlackElo "2210"]
[PlyCount "76"]
[EventDate "2015.09.10"]
[EventType "tourn"]
[EventRounds "14"]
[EventCountry "PAR"]
[EventCategory "2"]
[SourceTitle "EXT 2016"]
[Source "ChessBase"]
[SourceDate "2015.10.08"]
[SourceVersion "1"]
[SourceVersionDate "2015.10.08"]
[SourceQuality "1"]

1. e4 d5 2. exd5 Qxd5 3. Nc3 Qa5 4. Nf3 Bg4 5. h3 Bh5 6. b4 Qxb4 7. Rb1 Qd6 8. Rxb7 Nd7 9. Be2 Ngf6 10. 0-0 e6 11. d3 Qc6 12. Rb3 Bd6 13. Be3 0-0 14. Nd4 Bxe2 15. Qxe2 Qa6 16. Ncb5 Nc5 17. Ra3 Qb7 18. Rb1 a6 19. Nc3 Qc8 20. Nb3 Nxd3 21. Ra5 Ne5 22. Nc5 Bxc5 23. Bxc5 Nc6 24. Bxf8 Nxa5 25. Ba3 Nd5 26. Nxd5 exd5 27. Bb2 Nc4 28. Bc3 c5 29. Qd3 Qc6 30. g3 Re8 31. Re1 Rxe1+ 32. Bxe1 Qe6 33. Bc3 Qe4 34. Qxe4 dxe4 35. Kf1 Na3 36. Ke2 Nxc2 37. Kd2 Nb4 38. a3 Nd5 0-1

[Event "Ciudad del Este"]
[Site "Ciudad del Este"]
[Date "2015.09.13"]
[Round "7"]
[White "Duje, Rafael"]
[Black "Cabral Mesquita, Jussier"]
[Result "1-0"]
[WhiteElo "2210"]
[BlackElo "1814"]
[PlyCount "80"]
[EventDate "2015.09.10"]
[EventType "tourn"]
[EventRounds "14"]
[EventCountry "PAR"]
[EventCategory "2"]
[SourceTitle "EXT 2016"]
[Source "ChessBase"]
[SourceDate "2015.10.08"]
[SourceVersion "1"]
[SourceVersionDate "2015.10.08"]
[SourceQuality "1"]

1. e4 c5 2. Nf3 d6 3. d4 cxd4 4. c3 dxc3 5. Nxc3 a6 6. Bc4 e6 7. 0-0 b5 8. Bb3 Bb7 9. Qe2 Nd7 10. Rd1 Rc8 11. Bf4 e5 12. Bxe5 Ngf6 13. Bxd6 Bxd6 14. Rxd6 0-0 15. Rad1 Rc6 16. R6d2 Qc8 17. Nd5 Nxd5 18. Bxd5 Rc1 19. Bxb7 Rxd1+ 20. Qxd1 Qxb7 21. Rxd7 Qxe4 22. h3 h6 23. Qd3 Qe6 24. b3 Qb6 25. Qd5 Qf6 26. Qd4 Qf5 27. Kh2 Re8 28. Rd8 Rxd8 29. Qxd8+ Kh7 30. Qd6 Qc2 31. Qd2 Qc5 32. g3 f6 33. Ne1 Qa3 34. Ng2 Qc5 35. Ne3 Qb6 36. Qd3+ Kh8 37. Qf5 Qa5 38. a4 Qd2 39. axb5 axb5 40. Qc8+ Kh7 1-0

[Event "Ciudad del Este"]
[Site "Ciudad del Este"]
[Date "2015.09.12"]
[Round "5"]
[White "Duje, Rafael"]
[Black "Quiroga, Facundo"]
[Result "1/2-1/2"]
[WhiteElo "2210"]
[BlackElo "2246"]
[PlyCount "47"]
[EventDate "2015.09.10"]
[EventType "tourn"]
[EventRounds "14"]
[EventCountry "PAR"]
[EventCategory "2"]
[SourceTitle "EXT 2016"]
[Source "ChessBase"]
[SourceDate "2015.10.08"]
[SourceVersion "1"]
[SourceVersionDate "2015.10.08"]
[SourceQuality "1"]

1. d4 Nf6 2. Bg5 Ne4 3. Bf4 d5 4. f3 Nd6 5. Nc3 c6 6. e4 e6 7. Qd2 Be7 8. Bd3 b6 9. Nge2 Ba6 10. Bxd6 Bxd6 11. e5 Be7 12. Nd1 c5 13. c3 Qd7 14. Bxa6 Nxa6 15. a3 0-0 16. 0-0 Rac8 17. Rc1 f6 18. f4 Nb8 19. Nf2 f5 20. Kh1 Nc6 21. b4 cxb4 22. cxb4 a5 23. Nd3 axb4 24. axb4 1/2-1/2

[Event "Sao Paulo Livraria 4th"]
[Site "Sao Paulo"]
[Date "2015.05.09"]
[Round "5"]
[White "Duje, Rafael"]
[Black "Freitas, Romeu Salvador"]
[Result "1/2-1/2"]
[WhiteElo "2167"]
[BlackElo "2287"]
[PlyCount "41"]
[EventDate "2015.05.05"]
[EventType "tourn"]
[EventRounds "10"]
[EventCountry "BRA"]
[SourceTitle "EXT 2018"]
[Source "ChessBase"]
[SourceDate "2017.10.13"]
[SourceVersion "1"]
[SourceVersionDate "2017.10.13"]
[SourceQuality "1"]

1. e4 c5 2. Nf3 d6 3. d4 cxd4 4. Nxd4 Nf6 5. Nc3 Nc6 6. Be2 e5 7. Ndb5 a6 8. Na3 b5 9. Nd5 Nxd5 10. exd5 Nb8 11. 0-0 Be7 12. c4 b4 13. Nc2 a5 14. f4 exf4 15. Bxf4 0-0 16. Bd3 Nd7 17. Ne1 Bf6 18. Be3 Ne5 19. Bc2 g6 20. Bh6 Bg4 21. Qc1 1/2-1/2

[Event "Ciudad del Este Patriarca Memorial"]
[Site "Ciudad del Este"]
[Date "2015.02.17"]
[Round "9"]
[White "Zarate, Fernandoh"]
[Black "Duje, Rafael"]
[Result "1-0"]
[WhiteElo "1854"]
[BlackElo "2150"]
[PlyCount "103"]
[EventDate "2015.02.11"]
[EventType "tourn"]
[EventRounds "9"]
[EventCountry "PAR"]
[SourceTitle "EXT 2018"]
[Source "ChessBase"]
[SourceDate "2017.10.13"]
[SourceVersion "1"]
[SourceVersionDate "2017.10.13"]
[SourceQuality "1"]

1. d4 f5 2. c4 Nf6 3. Nc3 g6 4. f3 Bg7 5. e4 fxe4 6. fxe4 0-0 7. Nf3 d6 8. Be2 Bg4 9. Ng5 Bc8 10. Be3 Nc6 11. Qd2 e5 12. d5 Nd4 13. h3 Nxe2 14. Qxe2 Nh5 15. Rg1 Nf4 16. Bxf4 exf4 17. Nf3 a6 18. 0-0-0 b5 19. Nd4 b4 20. Nc6 Qg5 21. Nxb4 f3+ 22. Qd2 Qxd2+ 23. Kxd2 Bd4 24. Rgf1 fxg2 25. Rxf8+ Kxf8 26. Ne2 Bb6 27. Nd3 Bxh3 28. Ndf4 Bg4 29. Nxg2 Kg7 30. Rf1 Bd7 31. Ngf4 Re8 32. Kd3 Bg4 33. Nd4 Bxd4 34. Kxd4 a5 35. Rf2 Rf8 36. c5 g5 37. Nd3 dxc5+ 38. Kxc5 Rxf2 39. Nxf2 Bd7 40. e5 h5 41. b4 axb4 42. Kxb4 g4 43. e6 Bc8 44. Kc5 Bb7 45. d6 cxd6+ 46. Kxd6 Bc8 47. e7 Kf7 48. Ne4 Bb7 49. Nf6 Bc6 50. Kxc6 Kxe7 51. Nxh5 Kd8 52. Kb7 1-0

[Event "Matinhos Aguas Claras"]
[Site "Matinhos"]
[Date "2006.08.??"]
[Round "7"]
[White "Crosa Coll, Martin"]
[Black "Duje, Rafael"]
[Result "1-0"]
[WhiteElo "2405"]
[BlackElo "2236"]
[PlyCount "177"]
[EventDate "2006.08.02"]
[EventType "tourn"]
[EventRounds "9"]
[EventCountry "BRA"]
[SourceTitle "EXT 2022"]
[Source "ChessBase"]
[SourceDate "2021.10.06"]
[SourceVersion "1"]
[SourceVersionDate "2021.10.06"]
[SourceQuality "1"]

1. e4 e5 2. Nf3 Nf6 3. Nxe5 d6 4. Nf3 Nxe4 5. Qe2 Qe7 6. d3 Nf6 7. Bg5 Qxe2+ 8. Bxe2 Be7 9. Nc3 c6 10. 0-0-0 0-0 11. Rhe1 Re8 12. Bf1 Nbd7 13. Ne4 Kf8 14. Bf4 d5 15. Nd6 Rd8 16. Nf5 Bc5 17. d4 Bb6 18. Bd6+ Kg8 19. Be7 Ne4 20. Bxd8 Bxd8 21. Ng3 Ndf6 22. Nxe4 Nxe4 23. Nd2 Bg5 24. f3 Nd6 25. Bd3 g6 26. Re2 Bd7 27. c3 a5 28. b3 b5 29. Kb2 Rb8 30. a3 Bf6 31. b4 a4 32. Nf1 Bg5 33. Ng3 Kf8 34. Nh1 h5 35. Nf2 Rb7 36. g3 Bd8 37. Rde1 Bc8 38. Ka2 Rc7 39. Bc2 Kg7 40. g4 h4 41. Nd3 Kf8 42. h3 Bf6 43. Ne5 Bg5 44. Nd3 Bd8 45. Rf1 Kg7 46. Ne5 Re7 47. Rfe1 Rc7 48. f4 Kf6 49. Re3 Kg7 50. Rf1 Kf6 51. Bd3 Re7 52. Kb2 Rc7 53. Kc2 Re7 54. Kd2 Rc7 55. Ke2 Be7 56. Kf2 Bd8 57. Kg2 Re7 58. Rfe1 Rc7 59. Rf1 Re7 60. Re2 Rc7 61. g5+ Kg7 62. Nf3 Bf5 63. Bxf5 Nxf5 64. Rfe1 Be7 65. Ne5 Kf8 66. Kf3 Ng3 67. Rc2 Bd6 68. Kg4 Nf5 69. Nf3 Rc8 70. Rf2 Bc7 71. Nxh4 Nd6 72. f5 Ne4 73. Rxe4 gxf5+ 74. Rxf5 dxe4 75. g6 Bd6 76. Rxf7+ Kg8 77. Nf5 Bf8 78. Re7 Rd8 79. Rxe4 Bg7 80. h4 Bf6 81. h5 Bg7 82. h6 Bf6 83. Re6 Rf8 84. g7 Bxg7 85. hxg7 Rd8 86. Rh6 Kf7 87. Rh8 Rg8 88. Kg5 Rxg7+ 89. Nxg7 1-0

[Event "Matinhos Aguas Claras op"]
[Site "Matinhos"]
[Date "2006.08.??"]
[Round "6"]
[White "Crosa Coll, Martin"]
[Black "Duje, Rafael"]
[Result "0-1"]
[WhiteElo "2405"]
[BlackElo "2236"]
[PlyCount "50"]
[EventDate "2006.08.02"]
[EventType "swiss"]
[EventRounds "6"]
[EventCountry "BRA"]
[SourceTitle "EXT 2022"]
[Source "ChessBase"]
[SourceDate "2021.10.06"]
[SourceVersion "1"]
[SourceVersionDate "2021.10.06"]
[SourceQuality "1"]

1. e4 c5 2. Nf3 d6 3. d4 cxd4 4. Nxd4 Nf6 5. Nc3 a6 6. Be3 e5 7. Nb3 Be6 8. f3 b5 9. a4 b4 10. Nd5 Bxd5 11. exd5 Be7 12. Be2 Nbd7 13. a5 0-0 14. 0-0 Qc7 15. Ra4 Nc5 16. Nxc5 dxc5 17. Bc4 Rfd8 18. Qd2 Qd7 19. Raa1 Nxd5 20. Bf2 Nf4 21. Qe3 Qd4 22. Bb3 Qxb2 23. Rfe1 Rac8 24. Bc4 Qxc2 25. Bxa6 Nxg2 0-1

[Event "Matinhos Aguas Claras"]
[Site "Matinhos"]
[Date "2006.08.??"]
[Round "2"]
[White "Duje, Rafael"]
[Black "Marra, Eduardo da Costa"]
[Result "1-0"]
[WhiteElo "2236"]
[BlackElo "2244"]
[PlyCount "75"]
[EventDate "2006.08.02"]
[EventType "tourn"]
[EventRounds "9"]
[EventCountry "BRA"]
[SourceTitle "EXT 2022"]
[Source "ChessBase"]
[SourceDate "2021.10.06"]
[SourceVersion "1"]
[SourceVersionDate "2021.10.06"]
[SourceQuality "1"]

1. e4 e5 2. Nf3 Nc6 3. Bb5 a6 4. Ba4 Nf6 5. 0-0 Be7 6. Re1 b5 7. Bb3 0-0 8. h3 d6 9. c3 Na5 10. Bc2 c5 11. d4 Qc7 12. d5 c4 13. Nbd2 Nb7 14. Nf1 Nc5 15. g4 Ne8 16. Ng3 g6 17. Kh2 Ng7 18. Rg1 Bd7 19. Bh6 Kh8 20. Qd2 f6 21. Rg2 Rf7 22. Rag1 a5 23. Nh4 Rb8 24. Qe2 b4 25. Nhf5 Bf8 26. Bc1 b3 27. axb3 Nxb3 28. Be3 Nc5 29. Bb1 Na4 30. Bc1 gxf5 31. gxf5 Be8 32. Nh5 Nxc3 33. Qg4 Qe7 34. Bh6 Rb7 35. bxc3 a4 36. Ba2 Bb5 37. Qh4 Ba6 38. Nxg7 1-0

[Event "Matinhos Aguas Claras"]
[Site "Matinhos"]
[Date "2006.08.??"]
[Round "1"]
[White "Gauche, Charles"]
[Black "Duje, Rafael"]
[Result "1-0"]
[WhiteElo "2277"]
[BlackElo "2236"]
[PlyCount "65"]
[EventDate "2006.08.02"]
[EventType "tourn"]
[EventRounds "9"]
[EventCountry "BRA"]
[SourceTitle "EXT 2022"]
[Source "ChessBase"]
[SourceDate "2021.10.06"]
[SourceVersion "1"]
[SourceVersionDate "2021.10.06"]
[SourceQuality "1"]

1. e4 c5 2. Nf3 d6 3. d4 cxd4 4. Nxd4 Nf6 5. Nc3 g6 6. Be2 Bg7 7. Be3 Nc6 8. 0-0 0-0 9. h3 Bd7 10. Nb3 Na5 11. f4 Bc6 12. Bd3 Nxb3 13. axb3 Qc7 14. b4 a6 15. Ra5 b5 16. Qe2 Qb7 17. Bd4 Nd7 18. Bxg7 Kxg7 19. Rf2 f6 20. h4 Qb6 21. Nd1 e5 22. f5 gxf5 23. Ne3 f4 24. Nf5+ Kh8 25. Qh5 Rg8 26. Kf1 Rg6 27. Ra1 Nf8 28. Rd1 Be8 29. Qf3 Bd7 30. Be2 Bxf5 31. exf5 Rh6 32. Qxa8 Kg7 33. h5 1-0

[Event "American Continental 03rd"]
[Site "Buenos Aires"]
[Date "2005.08.15"]
[Round "10"]
[White "Duje, Rafael"]
[Black "Lemos, Damian"]
[Result "1/2-1/2"]
[WhiteElo "2146"]
[BlackElo "2284"]
[PlyCount "102"]
[EventDate "2005.08.06"]
[EventType "swiss"]
[EventRounds "11"]
[EventCountry "ARG"]
[SourceTitle "CBM 107 Extra"]
[Source "ChessBase"]
[SourceDate "2005.09.01"]
[SourceVersion "1"]
[SourceVersionDate "2005.09.01"]
[SourceQuality "1"]

1. d4 Nf6 2. Bg5 g6 3. Bxf6 exf6 4. e3 Bg7 5. Nd2 0-0 6. g3 d5 7. Bg2 Re8 8. Ne2 c6 9. 0-0 Nd7 10. c4 dxc4 11. Nxc4 Nb6 12. Nxb6 Qxb6 13. Qd2 Bg4 14. Nf4 Rad8 15. b4 Bf8 16. a3 Bf5 17. Rfc1 Bh6 18. Rc4 Bxf4 19. gxf4 Be4 20. Bxe4 Rxe4 21. Qd3 Rde8 22. Qf1 a6 23. Rac1 h6 24. Qg2 Qd8 25. Kh1 Qd7 26. a4 Kg7 27. b5 cxb5 28. axb5 b6 29. Rc6 axb5 30. Rxb6 R8e6 31. Rb8 Re8 32. Rb6 R8e6 33. Rxe6 Rxe6 34. f5 Rb6 35. fxg6 fxg6 36. Qa8 Qb7+ 37. Qxb7+ Rxb7 38. Kg2 f5 39. Kf3 b4 40. Rc2 Kf6 41. Ke2 Ke6 42. Kd3 g5 43. Rb2 g4 44. Kc4 Rc7+ 45. Kxb4 Rc1 46. f3 gxf3 47. Rf2 f4 48. exf4 Kd5 49. Rxf3 Kxd4 50. f5 Rb1+ 51. Ka3 Rb7 1/2-1/2

[Event "American Continental 03rd"]
[Site "Buenos Aires"]
[Date "2005.08.13"]
[Round "8"]
[White "Fierro Baquero, Martha Lorena"]
[Black "Duje, Rafael"]
[Result "0-1"]
[WhiteElo "2340"]
[BlackElo "2146"]
[PlyCount "83"]
[EventDate "2005.08.06"]
[EventType "swiss"]
[EventRounds "11"]
[EventCountry "ARG"]
[SourceTitle "CBM 107 Extra"]
[Source "ChessBase"]
[SourceDate "2005.09.01"]
[SourceVersion "1"]
[SourceVersionDate "2005.09.01"]
[SourceQuality "1"]

1. e4 c5 2. Nf3 d6 3. d4 cxd4 4. Nxd4 Nf6 5. Nc3 g6 6. Be3 Bg7 7. f3 Nc6 8. Qd2 0-0 9. Bc4 Bd7 10. 0-0-0 Qc7 11. Bb3 Rfc8 12. Kb1 Ne5 13. g4 Nc4 14. Bxc4 Qxc4 15. g5 Nh5 16. Nd5 Kf8 17. Ne2 Be6 18. Ng3 Rc6 19. Nxh5 gxh5 20. b3 Qa6 21. Bd4 Bxd5 22. exd5 Rc7 23. Rhe1 Rac8 24. Bxg7+ Kxg7 25. Qd4+ Kg8 26. Rd2 Qa5 27. Re4 Qc5 28. Qxc5 dxc5 29. c4 Kg7 30. Rde2 Kf8 31. a4 a6 32. a5 Rb8 33. Kc2 b6 34. axb6 Rxb6 35. Re1 Rcb7 36. R4e3 h6 37. gxh6 Rxh6 38. Rg1 a5 39. Ra1 Ra6 40. Re5 Rab6 41. Re3 Ra7 42. Re5 0-1

[Event "American Continental 03rd"]
[Site "Buenos Aires"]
[Date "2005.08.11"]
[Round "6"]
[White "Duje, Rafael"]
[Black "Quiroga, Facundo"]
[Result "0-1"]
[WhiteElo "2146"]
[BlackElo "2321"]
[PlyCount "89"]
[EventDate "2005.08.06"]
[EventType "swiss"]
[EventRounds "11"]
[EventCountry "ARG"]
[SourceTitle "CBM 107 Extra"]
[Source "ChessBase"]
[SourceDate "2005.09.01"]
[SourceVersion "1"]
[SourceVersionDate "2005.09.01"]
[SourceQuality "1"]

1. e4 c5 2. Nf3 d6 3. Bb5+ Bd7 4. Bxd7+ Qxd7 5. 0-0 Nc6 6. c3 Nf6 7. Re1 e6 8. d4 cxd4 9. cxd4 d5 10. e5 Ne4 11. Ng5 Nxg5 12. Bxg5 h6 13. Be3 0-0-0 14. Re2 Kb8 15. Nd2 Be7 16. a3 Na5 17. b4 Nc4 18. Nxc4 dxc4 19. Rc2 Qd5 20. Qe2 Rc8 21. Rac1 b5 22. f3 f5 23. Qf2 g5 24. Bd2 h5 25. Bc3 Kb7 26. Ra2 a6 27. a4 Ra8 28. Rca1 g4 29. Ra3 gxf3 30. Qxf3 Qxf3 31. gxf3 Rhb8 32. axb5 axb5 33. Ra5 Rxa5 34. Rxa5 Bd8 35. Rxb5+ Bb6 36. Kf2 Kc6 37. Rc5+ Bxc5 38. dxc5 Rd8 39. Ke2 Rd3 40. Bd2 Rb3 41. Be1 c3 42. Kd3 Rxb4 43. Bxc3 Rh4 44. Bd4 Rxh2 45. Bg1 0-1

[Event "American Continental 03rd"]
[Site "Buenos Aires"]
[Date "2005.08.06"]
[Round "1"]
[White "Dolezal, Cristian"]
[Black "Duje, Rafael"]
[Result "1/2-1/2"]
[WhiteElo "2402"]
[BlackElo "2146"]
[PlyCount "143"]
[EventDate "2005.08.06"]
[EventType "swiss"]
[EventRounds "11"]
[EventCountry "ARG"]
[SourceTitle "CBM 107 Extra"]
[Source "ChessBase"]
[SourceDate "2005.09.01"]
[SourceVersion "1"]
[SourceVersionDate "2005.09.01"]
[SourceQuality "1"]

1. e4 c5 2. Nf3 d6 3. c3 Nf6 4. Be2 g6 5. 0-0 Bg7 6. Re1 0-0 7. Bf1 e5 8. d4 Nc6 9. dxc5 dxc5 10. Qc2 h6 11. Bb5 Qe7 12. Bxc6 bxc6 13. Qa4 Rd8 14. Na3 Bg4 15. Nd2 Nh5 16. Nb3 Nf4 17. Bxf4 exf4 18. f3 Be6 19. Nc4 Qg5 20. Kh1 Rac8 21. Re2 Rd3 22. Rae1 Rcd8 23. Nba5 Qh4 24. Nxc6 Bd7 25. N4a5 Be8 26. e5 c4 27. Nxc4 R8d5 28. N4a5 Rxa5 29. Qxa5 Bxc6 30. Qa6 Re3 31. Rxe3 fxe3 32. Rxe3 Qf4 33. Qe2 Bf8 34. b4 Bd5 35. g3 Qf5 36. c4 Bc6 37. a3 a5 38. c5 axb4 39. axb4 h5 40. Qd3 Qg5 41. Kg1 h4 42. f4 Qg4 43. Qe2 Qe6 44. Kf2 Qd5 45. Ke1 Qd4 46. Qd2 Qa1+ 47. Ke2 Qh1 48. Kd3 Qd5+ 49. Kc3 Qh1 50. Kb2 h3 51. Re1 Qf3 52. Re3 Qg4 53. Qd3 Qc8 54. Re1 Qb7 55. Kc3 Bb5 56. Qe4 Qa6 57. Kb2 Bc4 58. Ra1 Qb5 59. Kc3 Be6 60. Qd3 Qb7 61. Rd1 Kg7 62. Ra1 Be7 63. Qe3 Qd5 64. Qd4 Qb3+ 65. Kd2 Bf5 66. Ra7 Qc2+ 67. Ke3 Bg4 68. e6+ Kh7 69. Qd3 Qc1+ 70. Qd2 Qg1+ 71. Qf2 Qc1+ 72. Qd2 1/2-1/2